000 00842nam a2200265 i 4500
001 C2-0340108
003 PPAK
005 20180728142121.0
008 170109s2016 my a|||| ||||| | may d
020 _a9789670791302
040 _aPPAK
_beng
_cPPAK
_erda
082 0 4 _a612.6
_223
090 0 0 _a612.6
_bQUE
_dRK
100 1 _aQuek, Nellie,
_eauthor
245 1 0 _aKehormatan dan keselamatan
264 1 _aSubang Jaya, Selangor :
_bBright Publications Sdn. Bhd. ,
_c2016
300 _a40 pages :
_bcolour illustrations ;
_c27 cm
336 _2rdacontent
_atext
337 _2rdamedia
_aunmediated
338 _2rdacarrier
_avolume
490 1 _aSiri pengenalan kepada kesihatan diri dan reproduktif
650 1 0 _aHuman reproduction. ; Etiquette.
830 0 _aSiri pengenalan kepada kesihatan diri dan reproduktif
942 _ddc
_cB
999 _c137310
_d137310